| 000 | 00454pab a2200169 454500 | ||
|---|---|---|---|
| 008 | 180718b2012 xxu||||| |||| 00| 0 eng d | ||
| 100 | _aSahu, Anjan Kumar | ||
| 245 | _aIndia's national action plan on climate change: Militarisation or socialisation? | ||
| 260 | _c2012 | ||
| 300 | _ap.127-134. | ||
| 362 | _aSep | ||
| 650 | _aClimatic change - India | ||
| 650 | _aClimatic change | ||
| 773 | _aMan and Development | ||
| 908 | _aN | ||
| 909 | _a98002 | ||
| 999 |
_c98001 _d98001 |
||